| 000 | 00856nam a22001937a 4500 | ||
|---|---|---|---|
| 999 |
_c68465 _d68465 |
||
| 005 | 20220708101406.0 | ||
| 008 | s2556 th ||||| |||| 00| 0 tha d | ||
| 020 | _a9786165086622 | ||
| 040 | _aNALT | ||
| 050 |
_aNC 1763.P64 _bซ711บ 2556 |
||
| 100 | 0 |
_aเซีย ไทยรัฐ _942528 |
|
| 245 | 1 | 0 |
_aบันทึกการเมืองด้วยลายเส้นการ์ตูน 4 / _cเซีย ไทยรัฐ. |
| 260 |
_aกรุงเทพฯ : _bแสงดาว, _c2556. |
||
| 300 |
_a224 หน้า : _bภาพประกอบ ; _c21 ซม. |
||
| 650 | 0 |
_aการ์ตูนการเมือง _922101 |
|
| 850 | _aNALT | ||
| 942 |
_cGB _2lcc |
||
| 998 |
_j104 _k นางสาวสายฝน ดีงาม |
||